000
00333nam a22001457a 4500
003
OSt
005
20220216151434.0
008
220216b |||||||| |||| 00| 0 eng d
020
_a
8120321197
040
_c
H U
082
_a
629.831
100
_a
Goodwin Graham C.
_9
30712
245
_a
Control System Design
942
_2
ddc
_c
BOOKS
_n
0
999
_c
30628
_d
30628